Slawen im besonderer

Štúdia k dejinám Slovanov

Bibliographic Details
Main Author: Sasinek, František Víťazoslav, 1830-1914 (Author)
Format: Manuscript Book
Language:German
Latin
Czech
Slovak
PhysicalDescription:42 strán rukopis, voľné listy 21-23 cm
Published: [Graz] [medzi 1906 a 1914?]
Subjects:

MARC

LEADER 00000ntmaa2200000 a 4500
001 vtls012279802
003 SK-MaSNL
005 20260301110300.0
008 251104q1906 au || 000 1dger
040 |a SNKLA  |b slo  |c SNKLA  |e AACR2 
041 0 |a ger  |a lat  |a cze  |a slo 
044 |a au  |c AT 
072 7 |a 316.3  |x Globálne spoločnosti. Sociálna štruktúra. Sociálne skupiny  |2 konspekt 
080 |a 025.171  |2 2011 
080 |a (048.8)  |2 2011 
100 1 |a Sasinek, František Víťazoslav,  |d 1830-1914  |4 aut  |9 8180 
245 1 0 |a Slawen im besonderer  |c [František Víťazoslav Sasinek] 
260 |a [Graz]  |c [medzi 1906 a 1914?] 
300 |a 42 strán  |b rukopis, voľné listy  |c 21-23 cm 
500 |a Autor podľa iných prác pod signatúrou M 90 
500 |a Číslovanie strán na rube 1-41 a dodatok k strane 21 modrou pastelkou 
520 2 |a Štúdia k dejinám Slovanov 
546 |a Napísané nemecky, poznámky a citovaná literatúra nemecky, latinsky, česky a slovensky 
555 0 |a Inventár rukopisov Literárneho archívu Matice slovenskej VI. Archív Slovenského národného múzea. Fondy M 51 - 120. Martin : Matica slovenská 1977 
561 |a Okrúhla pečiatka: Museálna slovenská spoločnosť 
561 |a Okrúhla pečiatka: Matica slovenská Martin Archív literatúry a umenia 
650 0 7 |a Slovania  |x dejiny  |2 SNKPH  |9 266119 
655 7 |a rukopisy  |2 SNKPH  |9 70548 
655 7 |a štúdie  |2 SNKPH  |9 57033 
852 |a SNK  |b Literárny archív 
958 |a MOF 
958 |a LAVD 
999 |c 702839  |d 704769 
952 |a SNKLA  |b SNKLA  |c SNKLA_DEP  |y NEVYP  |7 0  |p 17A1312633  |o snkM 90 E 7  |0 0  |1 0  |4 0  |d 2025-07-17  |f 1  |l 0  |r 2026-02-23 21:04:33  |w 2026-02-23